study on land resource requiment for social economic development in ratanakiri province សិក្សារពីតម្រូវការដីធ្លីការអភិវឌ្ឍសេដ្ឋកិច្ចជនបទនៅខេត្តរតនគីរី (Record no. 18454)
[ view plain ]
| 000 -LEADER | |
|---|---|
| fixed length control field | 00673nam a22001577a 4500 |
| 003 - CONTROL NUMBER IDENTIFIER | |
| control field | LRUA |
| 005 - DATE AND TIME OF LATEST TRANSACTION | |
| control field | 20191203151602.0 |
| 008 - FIXED-LENGTH DATA ELEMENTS--GENERAL INFORMATION | |
| fixed length control field | 191203b xxu||||| |||| 00| 0 eng d |
| 040 ## - CATALOGING SOURCE | |
| Transcribing agency | RUA |
| 082 ## - DEWEY DECIMAL CLASSIFICATION NUMBER | |
| Classification number | LMA LAY 2017 B652 Or.1 |
| 100 ## - MAIN ENTRY--PERSONAL NAME | |
| 9 (RLIN) | 14027 |
| Personal name | LAY PISETH ឡាយ ពិសិដ្ឋ |
| 245 ## - TITLE STATEMENT | |
| Title | study on land resource requiment for social economic development in ratanakiri province សិក្សារពីតម្រូវការដីធ្លីការអភិវឌ្ឍសេដ្ឋកិច្ចជនបទនៅខេត្តរតនគីរី |
| 260 ## - PUBLICATION, DISTRIBUTION, ETC. (IMPRINT) | |
| Place of publication, distribution, etc. | RUA |
| Name of publisher, distributor, etc. | Phbon penh |
| Date of publication, distribution, etc. | 2017 |
| 300 ## - PHYSICAL DESCRIPTION | |
| Extent | viii;39p |
| Other physical details | ill; |
| Dimensions | 29cm |
| 942 ## - ADDED ENTRY ELEMENTS (KOHA) | |
| Source of classification or shelving scheme | |
| Koha item type | LMA |
| Price effective from | Date last seen | Permanent Location | Not for loan | Date acquired | Source of classification or shelving scheme | Koha item type | Lost status | Withdrawn status | Date last checked out | Total Checkouts | Shelving location | Damaged status | Barcode | Current Location | Full call number |
|---|---|---|---|---|---|---|---|---|---|---|---|---|---|---|---|
| 2019-12-03 | 2022-06-24 | Library Block B | 2019-12-03 | LMA | 2022-06-08 | 2 | B652 | A43863 | Library Block B | LMA LAY 2017 B652 Or.1 | |||||
| 2019-12-03 | 2023-07-14 | Library Block B | 2019-12-03 | LMA | 2023-06-19 | 1 | B652 | A44356 | Library Block B | LMA LAY 2017 B652 Or.2 | |||||
| 2019-12-03 | 2019-12-03 | Library Block B | 2019-12-03 | LMA | B652 | A42426 | Library Block B | LMA LAY2017 B652 Or.3 | |||||||
| 2019-12-03 | 2020-11-10 | Library Block B | 2019-12-03 | LMA | 2020-10-06 | 1 | B652 | A43778 | Library Block B | LMA LAY2017 B652 Or.4 | |||||
| 2019-12-03 | 2019-12-03 | Library Block B | 2019-12-03 | LMA | B652 | A44206 | Library Block B | LMA LAY 2017 B652 Or.5 | |||||||
| 2019-12-03 | 2019-12-03 | Library Block B | 2019-12-03 | LMA | B652 | Library Block B | LMA LAY 2017 B652 Or.1 |